<?xml version="1.0" encoding="UTF-8"?>
<record
    xmlns:xsi="http://www.w3.org/2001/XMLSchema-instance"
    xsi:schemaLocation="http://www.loc.gov/MARC21/slim http://www.loc.gov/standards/marcxml/schema/MARC21slim.xsd"
    xmlns="http://www.loc.gov/MARC21/slim">

  <leader>01952cam a2200313   4500</leader>
  <controlfield tag="001">3465</controlfield>
  <controlfield tag="003">BD-RjUL</controlfield>
  <controlfield tag="005">20211208233732.0</controlfield>
  <controlfield tag="008">131219r19701969enkacf   b    010 0 eng d</controlfield>
  <datafield tag="020" ind1=" " ind2=" ">
    <subfield code="a">0710066163</subfield>
  </datafield>
  <datafield tag="035" ind1=" " ind2=" ">
    <subfield code="a">(BD-RjUL)3499</subfield>
  </datafield>
  <datafield tag="040" ind1=" " ind2=" ">
    <subfield code="a">DLC</subfield>
    <subfield code="c">DLC</subfield>
    <subfield code="d">DLC</subfield>
    <subfield code="d">BD-RjUL</subfield>
    <subfield code="b">eng</subfield>
  </datafield>
  <datafield tag="041" ind1="0" ind2=" ">
    <subfield code="a">engfre</subfield>
  </datafield>
  <datafield tag="082" ind1="0" ind2="0">
    <subfield code="a">330</subfield>
    <subfield code="b">ROA 1970</subfield>
  </datafield>
  <datafield tag="245" ind1="0" ind2="0">
    <subfield code="a">Roads to freedom: essays in honour of Friedrich A. von Hayek /</subfield>
    <subfield code="c">edited by Erich Streissler [and others]</subfield>
  </datafield>
  <datafield tag="260" ind1=" " ind2=" ">
    <subfield code="a">London,</subfield>
    <subfield code="b">Routledge &amp; K. Paul,</subfield>
    <subfield code="c">1969 [reprinted 1970]</subfield>
  </datafield>
  <datafield tag="300" ind1=" " ind2=" ">
    <subfield code="a">xix, 315 p.;</subfield>
    <subfield code="b">plate, illus., port. :</subfield>
    <subfield code="c">25 cm.</subfield>
  </datafield>
  <datafield tag="350" ind1=" " ind2=" ">
    <subfield code="a">80/-</subfield>
  </datafield>
  <datafield tag="504" ind1=" " ind2=" ">
    <subfield code="a">"Bibliography of the writings of Friedrich A. von Hayek": p. 309-315. Bibliographical footnotes.</subfield>
  </datafield>
  <datafield tag="505" ind1="0" ind2=" ">
    <subfield code="a">Introduction, by E. Steissler.--Laudatio: un message pour le si&#xE8;cle, by J. Rueff.--Development economics: the spurious consenus and its background, by P. T. Bauer.--Is economics the science of choice? by J. M. Buchanan.--Wage-push inflation once more, by G. Haberler.--Will market economies and planned economies converge? by G. N. Halm.--Methodological individualism and the market economy, by L. M. Lachmann.--On neutral money, by F. A. Lutz.--Liberalism and the choice of freedoms, by F. Machlup.--The control of demand, by F. W. Paish.--The determinants of social action, by M. Polanyi.--A pluralist approach to the philosophy of history, by K. R. Popper.--A behavioral approach to monetary theory, by G. Schm&#xF6;lders.--Hayek on growth: a reconsideration of his early theoretical work, by E. Streissler.--The new theory of corporations, by G. Tullock.</subfield>
  </datafield>
  <datafield tag="600" ind1="1" ind2="0">
    <subfield code="a">Hayek, Friedrich A. von</subfield>
    <subfield code="q">(Friedrich August),</subfield>
    <subfield code="d">1899-1992.</subfield>
    <subfield code="9">3508</subfield>
  </datafield>
  <datafield tag="650" ind1=" " ind2="0">
    <subfield code="a">Economics.</subfield>
    <subfield code="9">10898</subfield>
  </datafield>
  <datafield tag="650" ind1=" " ind2="0">
    <subfield code="a">Economic policy.</subfield>
    <subfield code="9">10899</subfield>
  </datafield>
  <datafield tag="700" ind1="1" ind2=" ">
    <subfield code="a">Hayek, Friedrich A. von</subfield>
    <subfield code="q">(Friedrich August),</subfield>
    <subfield code="d">1899-1992.</subfield>
    <subfield code="9">3508</subfield>
  </datafield>
  <datafield tag="700" ind1="1" ind2=" ">
    <subfield code="a">Streissler, Erich W.,</subfield>
    <subfield code="d">1933-</subfield>
    <subfield code="e">ed.</subfield>
    <subfield code="9">10900</subfield>
  </datafield>
  <datafield tag="942" ind1=" " ind2=" ">
    <subfield code="2">ddc</subfield>
    <subfield code="c">BK</subfield>
  </datafield>
  <datafield tag="999" ind1=" " ind2=" ">
    <subfield code="c">3465</subfield>
    <subfield code="d">3465</subfield>
  </datafield>
  <datafield tag="952" ind1=" " ind2=" ">
    <subfield code="0">0</subfield>
    <subfield code="1">0</subfield>
    <subfield code="2">ddc</subfield>
    <subfield code="4">0</subfield>
    <subfield code="7">1</subfield>
    <subfield code="8">NFIC</subfield>
    <subfield code="a">RUCL</subfield>
    <subfield code="b">RUCL</subfield>
    <subfield code="c">Reading</subfield>
    <subfield code="d">1975-12-26</subfield>
    <subfield code="e">Gonathan com.</subfield>
    <subfield code="g">4.00</subfield>
    <subfield code="l">0</subfield>
    <subfield code="o">330 ROA 1970</subfield>
    <subfield code="r">2013-12-19 00:00:00</subfield>
    <subfield code="t">C-1</subfield>
    <subfield code="w">2021-12-08</subfield>
    <subfield code="y">BK</subfield>
  </datafield>
  <datafield tag="952" ind1=" " ind2=" ">
    <subfield code="0">0</subfield>
    <subfield code="1">0</subfield>
    <subfield code="2">ddc</subfield>
    <subfield code="4">0</subfield>
    <subfield code="7">0</subfield>
    <subfield code="8">NFIC</subfield>
    <subfield code="a">RUCL</subfield>
    <subfield code="b">RUCL</subfield>
    <subfield code="c">Stack</subfield>
    <subfield code="d">1975-12-26</subfield>
    <subfield code="e">gonacha arem</subfield>
    <subfield code="g">4.00</subfield>
    <subfield code="l">0</subfield>
    <subfield code="o">330 ROA 1970</subfield>
    <subfield code="r">2016-06-22 00:00:00</subfield>
    <subfield code="t">C-2</subfield>
    <subfield code="w">2016-06-22</subfield>
    <subfield code="y">BK</subfield>
  </datafield>
</record>
